000 00465nam a2200181Ia 4500
001 2301
005 20260306144757.0
008 260306t2005||||xx |||||||||||||| ||spa||
041 _aESP
082 _a616.858
_bD88
100 _aDomenech-Llaberia, Edelmira
_eAUT
245 0 _aActualizaciones en psicología y psicopatología de la adolescenciac
260 _c2005
300 _a375páginas :
_c
650 _aGEN
654 _aCPS
942 _cLIB
_dJUS
_fJUS
_2ddc
_n
999 _c2301
_d2301